000 01000nam a2200217 i 4500
001 156808
003 ES-MaACL
005 20231227062554.0
008 931025s1869 sp |||| | spa d
080 _a94(729.1)"1868/78"
100 1 _aLabra, Rafael M. de,
_d1840-1918
_969273
245 1 3 _aLa pérdida de las Américas /
_cpor Rafael M. de Labra.
260 _aMadrid :
_b[s.n.],
_c1869 (
_fImp. a cargo de Francisco Roig)
300 _a74, [3] p. ;
_c15 cm.
530 _aDisponible también en sitio web.
594 _aArtículos publicados en: Los conocimientos útiles.
651 4 _aCuba-
_xHistoria-
_y1868-1878, Guerra de los Diez Años.
_98103
852 _aES-MaACL
_jT-161-F-8
_z. - Enc. hol.
_z. - Dedicatoria autógrafa del autor al Ateneo de Madrid, 1869
_q. - Falto de cub. original
_z. - Enc. en vol. facticio
856 _uhttp://bibliotecadigitalhispanica.bne.es:80/webclient/DeliveryManager?pid=1097886&custom_att_2=simple_viewer
_zIr a la página
999 _c156808
_d156808